00493cam a22001211 450008200260000010000180002624501280004426000350017230000270020750000770023452600370031165000230034800a302.5bKREcL-27,P-951 aKrech, David.10aIndividual in society;ba textbook of social psychology,cby David Krech, Richard S. Crutchfield, and Egerton L. Ballachey. aNew York,bMcGraw-Hill,c1962. a564 p.billus.c24 cm. aPublished in 1948 under title: Theory and problems of social psychology. a0b0c0d302_500000000000000_KRE 0aSocial psychology.